<?xml version="1.0" encoding="UTF-8"?>
<record
    xmlns:xsi="http://www.w3.org/2001/XMLSchema-instance"
    xsi:schemaLocation="http://www.loc.gov/MARC21/slim http://www.loc.gov/standards/marcxml/schema/MARC21slim.xsd"
    xmlns="http://www.loc.gov/MARC21/slim">

  <leader>00866nam a2200241 a 4500</leader>
  <controlfield tag="001">nice12345678</controlfield>
  <controlfield tag="003">IN_TiNIC</controlfield>
  <controlfield tag="005">20260116013841.0</controlfield>
  <controlfield tag="008">050524s1829    newa   grp    000 0 eng  </controlfield>
  <datafield tag="020" ind1=" " ind2=" ">
    <subfield code="a"></subfield>
    <subfield code="c">1000</subfield>
  </datafield>
  <datafield tag="082" ind1="0" ind2="0">
    <subfield code="a">954.022</subfield>
    <subfield code="b">FER</subfield>
  </datafield>
  <datafield tag="100" ind1=" " ind2=" ">
    <subfield code="a">Ferishta, Mahomed Kasim</subfield>
  </datafield>
  <datafield tag="245" ind1=" " ind2=" ">
    <subfield code="a">History of the Rise of the Mahomedan Power in India</subfield>
  </datafield>
  <datafield tag="260" ind1=" " ind2=" ">
    <subfield code="a">New Delhi</subfield>
    <subfield code="b">Oriental Books Reprint</subfield>
    <subfield code="c">1829</subfield>
  </datafield>
  <datafield tag="500" ind1=" " ind2=" ">
    <subfield code="a">includes index and biblioraphy</subfield>
  </datafield>
  <datafield tag="505" ind1="2" ind2=" ">
    <subfield code="a">Reprint 1981</subfield>
  </datafield>
  <datafield tag="505" ind1="2" ind2=" ">
    <subfield code="a">Reprint 198100</subfield>
    <subfield code="g">V1.</subfield>
    <subfield code="t">History of the Rise of the Mahomedan Power in India.--</subfield>
    <subfield code="g">V2.</subfield>
    <subfield code="t">History of the Rise of the Mahomedan Power in India.--</subfield>
    <subfield code="g">V3.</subfield>
    <subfield code="t">History of the Rise of the Mahomedan Power in India.--</subfield>
    <subfield code="g">V4.</subfield>
    <subfield code="t">History of the Rise of the Mahomedan</subfield>
  </datafield>
  <datafield tag="650" ind1=" " ind2=" ">
    <subfield code="a">India-History</subfield>
  </datafield>
  <datafield tag="700" ind1="1" ind2=" ">
    <subfield code="a">Ferishta, Mahomed Kasim</subfield>
  </datafield>
  <datafield tag="902" ind1=" " ind2=" ">
    <subfield code="b">SRS</subfield>
  </datafield>
  <datafield tag="942" ind1=" " ind2=" ">
    <subfield code="c">BK</subfield>
  </datafield>
  <datafield tag="952" ind1=" " ind2=" ">
    <subfield code="0">0</subfield>
    <subfield code="1">0</subfield>
    <subfield code="4">0</subfield>
    <subfield code="7">0</subfield>
    <subfield code="8">REF</subfield>
    <subfield code="a">HMI</subfield>
    <subfield code="b">HMI</subfield>
    <subfield code="c">REF</subfield>
    <subfield code="d">0000-00-00</subfield>
    <subfield code="g">1000.00</subfield>
    <subfield code="l">0</subfield>
    <subfield code="o">954.022  FER</subfield>
    <subfield code="p">018576</subfield>
    <subfield code="r">0000-00-00</subfield>
    <subfield code="w">2026-01-16</subfield>
    <subfield code="y">BK</subfield>
  </datafield>
  <datafield tag="952" ind1=" " ind2=" ">
    <subfield code="0">0</subfield>
    <subfield code="1">0</subfield>
    <subfield code="4">0</subfield>
    <subfield code="7">0</subfield>
    <subfield code="8">REF</subfield>
    <subfield code="a">HMI</subfield>
    <subfield code="b">HMI</subfield>
    <subfield code="c">REF</subfield>
    <subfield code="d">0000-00-00</subfield>
    <subfield code="g">1000.00</subfield>
    <subfield code="l">0</subfield>
    <subfield code="o">954.022  FER</subfield>
    <subfield code="p">018577</subfield>
    <subfield code="r">0000-00-00</subfield>
    <subfield code="w">2026-01-16</subfield>
    <subfield code="y">BK</subfield>
  </datafield>
  <datafield tag="952" ind1=" " ind2=" ">
    <subfield code="0">0</subfield>
    <subfield code="1">0</subfield>
    <subfield code="4">0</subfield>
    <subfield code="7">0</subfield>
    <subfield code="8">REF</subfield>
    <subfield code="a">HMI</subfield>
    <subfield code="b">HMI</subfield>
    <subfield code="c">REF</subfield>
    <subfield code="d">0000-00-00</subfield>
    <subfield code="g">1000.00</subfield>
    <subfield code="l">0</subfield>
    <subfield code="o">954.022  FER</subfield>
    <subfield code="p">018578</subfield>
    <subfield code="r">0000-00-00</subfield>
    <subfield code="w">2026-01-16</subfield>
    <subfield code="y">BK</subfield>
  </datafield>
  <datafield tag="952" ind1=" " ind2=" ">
    <subfield code="0">0</subfield>
    <subfield code="1">0</subfield>
    <subfield code="4">0</subfield>
    <subfield code="7">0</subfield>
    <subfield code="8">REF</subfield>
    <subfield code="a">HMI</subfield>
    <subfield code="b">HMI</subfield>
    <subfield code="c">REF</subfield>
    <subfield code="d">0000-00-00</subfield>
    <subfield code="g">1000.00</subfield>
    <subfield code="l">0</subfield>
    <subfield code="o">954.022  FER</subfield>
    <subfield code="p">018579</subfield>
    <subfield code="r">0000-00-00</subfield>
    <subfield code="w">2026-01-16</subfield>
    <subfield code="y">BK</subfield>
  </datafield>
  <datafield tag="999" ind1=" " ind2=" ">
    <subfield code="c">12811</subfield>
    <subfield code="d">12811</subfield>
  </datafield>
</record>
